| 000 -LEADER |
| fixed length control field |
02605nam a2200313 a 4500 |
| 001 - CONTROL NUMBER |
| control field |
ASIN023115299X |
| 005 - DATE AND TIME OF LATEST TRANSACTION |
| control field |
20170105102922.0 |
| 008 - FIXED-LENGTH DATA ELEMENTS--GENERAL INFORMATION |
| fixed length control field |
131209s2012 xxu eng d |
| 020 ## - INTERNATIONAL STANDARD BOOK NUMBER |
| International Standard Book Number |
023115299X (paperback) |
| Terms of availability |
$20.00 |
| 020 ## - INTERNATIONAL STANDARD BOOK NUMBER |
| International Standard Book Number |
9780231152990 (paperback) |
| 040 ## - CATALOGING SOURCE |
| Original cataloging agency |
0 |
| 100 1# - MAIN ENTRY--PERSONAL NAME |
| Personal name |
Agamben, Giorgio. |
| 245 10 - TITLE STATEMENT |
| Title |
Democracy in what state? / |
| Statement of responsibility, etc. |
Giorgio Agamben, Alain Badiou, Daniel Bensaid, Wendy Brown, Jean-Luc Nancy, Jacques Ranciere, Kristin Ross, Slavoj Žižek, William McCuaig |
| 260 ## - PUBLICATION, DISTRIBUTION, ETC. |
| Place of publication, distribution, etc. |
[S.l.] : |
| Name of publisher, distributor, etc. |
Columbia University Press, |
| Date of publication, distribution, etc. |
2012 |
| 300 ## - PHYSICAL DESCRIPTION |
| Extent |
144 p. ; |
| Dimensions |
21 cm |
| 490 ## - SERIES STATEMENT |
| Series statement |
New directions in critical theory |
| 520 ## - SUMMARY, ETC. |
| Summary, etc. |
"Is it meaningful to call oneself a democrat? And if so, how do you interpret the word?" In responding to this question, eight iconoclastic thinkers prove the rich potential of democracy, along with its critical weaknesses, and reconceive the practice to accommodate new political and cultural realities. Giorgio Agamben traces the tense history of constitutions and their coexistence with various governments. Alain Badiou contrasts current democratic practice with democratic communism. Daniel Bensaid ponders the institutionalization of democracy, while Wendy Brown discusses the democratization of society under neoliberalism. Jean-Luc Nancy measures the difference between democracy as a form of rule and as a human end, and Jacques Rancière highlights its egalitarian nature. Kristin Ross identifies hierarchical relationships within democratic practice, and Slavoj Zizek complicates the distinction between those who desire to own the state and those who wish to do without it. Concentrating on the classical roots of democracy and its changing meaning over time and within different contexts, these essays uniquely defend what is left of the left-wing tradition after the fall of Soviet communism. They confront disincentives to active democratic participation that have caused voter turnout to decline in western countries, and they address electoral indifference by invoking and reviving the tradition of citizen involvement. Passionately written and theoretically rich, this collection speaks to all facets of modern political and democratic debat |
| 700 ## - ADDED ENTRY--PERSONAL NAME |
| Personal name |
Badiou, Alai |
| 700 ## - ADDED ENTRY--PERSONAL NAME |
| Personal name |
Bensaid, Danie |
| 700 ## - ADDED ENTRY--PERSONAL NAME |
| Personal name |
Brown, Wend |
| 700 ## - ADDED ENTRY--PERSONAL NAME |
| Personal name |
Nancy, Jean-Lu |
| 700 ## - ADDED ENTRY--PERSONAL NAME |
| Personal name |
Ranciere, Jacque |
| 700 ## - ADDED ENTRY--PERSONAL NAME |
| Personal name |
Ross, Kristi |
| 700 ## - ADDED ENTRY--PERSONAL NAME |
| Personal name |
Žižek, Sla |
| 700 ## - ADDED ENTRY--PERSONAL NAME |
| Personal name |
McCuaig, Will |
| 830 ## - SERIES ADDED ENTRY--UNIFORM TITLE |
| Uniform title |
New directions in critical the |
| 856 ## - ELECTRONIC LOCATION AND ACCESS |
| Materials specified |
Amazon.com |
| Uniform Resource Identifier |
<a href="http://www.amazon.com/exec/obidos/ASIN/023115299X/chopaconlin">http://www.amazon.com/exec/obidos/ASIN/023115299X/chopaconlin</a> |
| 942 ## - ADDED ENTRY ELEMENTS (KOHA) |
| Source of classification or shelving scheme |
|
| Koha item type |
Book |